| 000 | 00408cam a22001217a 4500 | ||
|---|---|---|---|
| 008 | 180718b1978 xxu||||| |||| 00| 0 eng d | ||
| 082 | _aA81x54 In2/71/7/PT2C/1 | ||
| 100 | _aCensus of India 1971 | ||
| 245 | _aHimachal Pradesh: social and cultural tables | ||
| 260 |
_aDelhi _bThe Controller of Publications _c1978 |
||
| 300 | _a247+p. | ||
| 440 | _aCensus of India 1971. Series-7, Himachal Pradesh. Part-IIC (i) | ||
| 999 |
_c485130 _d485130 |
||